Online Catalogue and eLibrary

Puthiya dharisanangal : (Record no. 4132)

MARC details
000 -LEADER
fixed length control field 00418nam a2200169Ia 4500
005 - DATE AND TIME OF LATEST TRANSACTION
control field 20250323172244.0
008 - FIXED-LENGTH DATA ELEMENTS--GENERAL INFORMATION
fixed length control field 240331s9999 xx 000 0 und d
082 ## - DDC Classification
Item Number - Author Mark PUT
Class No. 894
245 #0 - TITLE STATEMENT
Title Puthiya dharisanangal :
Remainder of title kalaiyum arasialum
260 ## - PUBLICATION, DISTRIBUTION, ETC.
Place of publication, distribution, etc. Coimbatore
Name of publisher, distributor, etc. Vijaya Pathippagam
Date of publication, distribution, etc. 1994
300 ## - PHYSICAL DESCRIPTION
Extent (e.g. Volumes, Pages etc.) 339 p .,
650 ## - SUBJECT ADDED ENTRY--TOPICAL TERM
Topical term or geographic name entry element Kalai
650 ## - SUBJECT ADDED ENTRY--TOPICAL TERM
Topical term or geographic name entry element Arashiyal
650 ## - SUBJECT ADDED ENTRY--TOPICAL TERM
Topical term or geographic name entry element Naval
700 ## - ADDED ENTRY--PERSONAL NAME
Personal name Gnani, K.
Relator term (Role) Editor
942 ## - Koha item type (Biblio)
Koha item type Books in Stacks (Lending)
Holdings
Lost status Damaged status Collection code Home library Current library Shelving location Date acquired Full call number Accession Number Item type
    Lending WERC Library WERC Library Social Science Cupboard 03/31/2024 894.811 PUT 2593 Books in Stacks (Lending)

© WERC Library